000
00326nam a2200133Ia 4500
005
20251222144720.0
008
251222s9999||||xx |||||||||||||| ||spa||
020
_a
9972-9356-0-X
082
_a
363.7/R18
100
_a
Carranza Noriega, Raymundo
245
0
_a
Medio Ambiente:
264
_b
Fondo Editorial UNAC
942
_c
LIB
999
_c
18187
_d
18187